[Event "World Prestigious University 2019"]
[Site "Tianjin"]
[Date "2019.11.27"]
[Round "4.17"]
[White "Behar, Joshua"]
[Black "Dmitry, Gordievskiy"]
[Result "0-1"]
[WhiteElo "1974"]
[BlackElo "2590"]
[PlyCount "62"]
[EventDate "2019.11.26"]
[EventType "team-tourn"]
[EventCountry "CHN"]
[TimeControl "1500+10"]
[WhiteClock "0:07:31"]
[BlackClock "0:04:31"]

1. e4 {[%emt 0:00:00]} c5 {[%emt 0:00:00]} 2. Nf3 {[%emt 0:00:00]} Nc6 {[%emt 0:00:09]} 3. c3 {[%emt 0:00:00]} Nf6 {[%emt 0:00:55]} 4. e5 {[%emt 0:00:00]} Nd5 {[%emt 0:00:04]} 5. Bc4 {[%emt 0:00:00]} Nb6 {[%emt 0:00:37]} 6. Bb3 {[%emt 0:00:00]} c4 {[%emt 0:01:15]} 7. Bc2 {[%emt 0:00:02]} d6 {[%emt 0:00:07]} 8. exd6 {[%emt 0:00:16]} Qxd6 {[%emt 0:01:29]} 9. h3 {[%emt 0:00:55]} Qe6+ {[%emt 0:01:25]} 10. Qe2 {[%emt 0:00:19]} Qxe2+ {[%emt 0:00:07]} 11. Kxe2 {[%emt 0:00:02]} e5 {[%emt 0:00:09]} 12. b3 {[%emt 0:00:19]} Be6 {[%emt 0:00:48]} 13. Ba3 {[%emt 0:02:01]} h6 {[%emt 0:04:02]} 14. Bxf8 {[%emt 0:01:39]} Rxf8 {[%emt 0:00:02]} 15. Na3 {[%emt 0:00:04]} O-O-O {[%emt 0:01:11]} 16. Rhd1 {[%emt 0:02:35]} Rfe8 {[%emt 0:00:57]} 17. Nxc4 {[%emt 0:02:42]} Nxc4 {[%emt 0:00:32]} 18. bxc4 {[%emt 0:00:03]} e4 {[%emt 0:00:16]} 19. Ng1 {[%emt 0:01:40]} Bxc4+ {[%emt 0:00:07]} 20. Ke3 {[%emt 0:00:54]} g5 {[%emt 0:03:29]} 21. f3 {[%emt 0:02:46]} f5 {[%emt 0:00:26]} 22. fxe4 {[%emt 0:00:49]} fxe4 {[%emt 0:00:05]} 23. Ne2 {[%emt 0:04:32]} Rd3+ {[%emt 0:00:14]} 24. Kf2 {[%emt 0:00:02]} Rxd2 {[%emt 0:00:41]} 25. Rxd2 {[%emt 0:00:47]} e3+ {[%emt 0:00:03]} 26. Kf3 {[%emt 0:00:04]} exd2 {[%emt 0:00:05]} 27. Ng3 {[%emt 0:00:39]} Re1 {[%emt 0:03:01]} 28. Rd1 {[%emt 0:00:36]} Ne5+ {[%emt 0:00:01]} 29. Kf2 {[%emt 0:00:01]} Nd3+ {[%emt 0:00:14]} 30. Kf3 {[%emt 0:01:47]} Bd5+ {[%emt 0:00:06]} 31. Kg4 {[%emt 0:00:05]} Nf2+ {[%emt 0:00:02]} 0-1

[Event "World Prestigious University 2019"]
[Site "Tianjin"]
[Date "2019.11.27"]
[Round "5.1"]
[White "Fernandez, Daniel Howard"]
[Black "TannerAustin, McNamara"]
[Result "1/2-1/2"]
[WhiteElo "2444"]
[BlackElo "1983"]
[PlyCount "59"]
[EventDate "2019.11.26"]
[EventType "team-tourn"]
[EventCountry "CHN"]
[TimeControl "1500+10"]
[WhiteClock "0:07:46"]
[BlackClock "0:05:20"]

1. Nf3 {[%emt 0:00:00]} Nf6 {[%emt 0:00:00]} 2. g3 {[%emt 0:00:00]} d5 {[%emt 0:00:00]} 3. Bg2 {[%emt 0:00:00]} Bg4 {[%emt 0:00:33]} 4. h3 {[%emt 0:00:49]} Bh5 {[%emt 0:00:09]} 5. d3 {[%emt 0:00:24]} e6 {[%emt 0:00:27]} 6. O-O {[%emt 0:00:32]} Bd6 {[%emt 0:00:06]} 7. c4 {[%emt 0:00:36]} c6 {[%emt 0:00:22]} 8. Qb3 {[%emt 0:00:50]} Qc7 {[%emt 0:00:17]} 9. Nc3 {[%emt 0:00:42]} Nbd7 {[%emt 0:00:23]} 10. Bd2 {[%emt 0:01:23]} O-O {[%emt 0:00:05]} 11. Rac1 {[%emt 0:01:13]} Nc5 {[%emt 0:00:34]} 12. Qc2 {[%emt 0:01:36]} dxc4 {[%emt 0:00:12]} 13. dxc4 {[%emt 0:00:14]} Bg6 {[%emt 0:00:01]} 14. Qd1 {[%emt 0:00:29]} Rad8 {[%emt 0:00:02]} 15. Qe1 {[%emt 0:02:32]} Nfe4 {[%emt 0:02:10]} 16. Nxe4 {[%emt 0:00:56]} Nxe4 {[%emt 0:00:04]} 17. Bb4 {[%emt 0:00:36]} c5 {[%emt 0:03:38]} 18. Ba3 {[%emt 0:00:45]} b6 {[%emt 0:02:33]} 19. Rd1 {[%emt 0:01:21]} Rd7 {[%emt 0:00:58]} 20. Nh4 {[%emt 0:00:20]} Nf6 {[%emt 0:00:29]} 21. Nxg6 {[%emt 0:00:16]} hxg6 {[%emt 0:00:01]} 22. Qc3 {[%emt 0:01:15]} Rfd8 {[%emt 0:00:18]} 23. Qc2 {[%emt 0:00:50]} Be5 {[%emt 0:03:05]} 24. b3 {[%emt 0:00:28]} Ne8 {[%emt 0:05:12]} 25. Bc1 {[%emt 0:00:56]} Rxd1 {[%emt 0:00:04]} 26. Rxd1 {[%emt 0:00:03]} Rxd1+ {[%emt 0:00:01]} 27. Qxd1 {[%emt 0:00:01]} Qd6 {[%emt 0:00:02]} 28. Qd2 {[%emt 0:03:39]} Qxd2 {[%emt 0:00:17]} 29. Bxd2 {[%emt 0:00:01]} Nd6 {[%emt 0:00:01]} 30. a4 {[%emt 0:01:53]} 1/2-1/2

[Event "World Prestigious University 2019"]
[Site "Tianjin"]
[Date "2019.11.27"]
[Round "5.2"]
[White "Lei, Sean"]
[Black "Behar, Joshua"]
[Result "1/2-1/2"]
[WhiteElo "1895"]
[BlackElo "1974"]
[PlyCount "65"]
[EventDate "2019.11.26"]
[EventType "team-tourn"]
[EventCountry "CHN"]
[TimeControl "1500+10"]
[WhiteClock "0:15:31"]
[BlackClock "0:07:28"]

1. e4 {[%emt 0:00:00]} e6 {[%emt 0:00:00]} 2. d4 {[%emt 0:00:00]} d5 {[%emt 0:00:00]} 3. Nc3 {[%emt 0:00:02]} Nf6 {[%emt 0:00:00]} 4. exd5 {[%emt 0:00:04]} exd5 {[%emt 0:00:00]} 5. Bd3 {[%emt 0:00:04]} Bd6 {[%emt 0:00:00]} 6. Nge2 {[%emt 0:00:05]} Be6 {[%emt 0:00:19]} 7. Bf4 {[%emt 0:00:06]} a6 {[%emt 0:00:02]} 8. Qd2 {[%emt 0:00:23]} Nc6 {[%emt 0:00:02]} 9. a3 {[%emt 0:00:08]} Qd7 {[%emt 0:00:03]} 10. Bxd6 {[%emt 0:00:06]} Qxd6 {[%emt 0:00:03]} 11. f3 {[%emt 0:07:24]} h6 {[%emt 0:01:49]} 12. Na2 {[%emt 0:00:48]} g5 {[%emt 0:01:22]} 13. Nb4 {[%emt 0:00:07]} Nxb4 {[%emt 0:00:04]} 14. Qxb4 {[%emt 0:00:09]} O-O-O {[%emt 0:03:32]} 15. Qxd6 {[%emt 0:00:17]} Rxd6 {[%emt 0:00:02]} 16. O-O-O {[%emt 0:00:12]} Rdd8 {[%emt 0:00:33]} 17. Ng3 {[%emt 0:00:26]} Nd7 {[%emt 0:00:32]} 18. Rhe1 {[%emt 0:00:11]} c5 {[%emt 0:00:41]} 19. dxc5 {[%emt 0:03:03]} Nxc5 {[%emt 0:00:08]} 20. Bf5 {[%emt 0:01:30]} Rhe8 {[%emt 0:01:06]} 21. Re5 {[%emt 0:01:07]} Nd7 {[%emt 0:00:39]} 22. Re2 {[%emt 0:02:05]} Nf6 {[%emt 0:00:25]} 23. Rde1 {[%emt 0:00:35]} Kd7 {[%emt 0:00:04]} 24. Bd3 {[%emt 0:00:09]} h5 {[%emt 0:01:40]} 25. Nf5 {[%emt 0:00:26]} Bxf5 {[%emt 0:00:05]} 26. Bxf5+ {[%emt 0:00:01]} Kd6 {[%emt 0:00:01]} 27. Rxe8 {[%emt 0:00:08]} Rxe8 {[%emt 0:00:02]} 28. Rxe8 {[%emt 0:00:02]} Nxe8 {[%emt 0:00:01]} 29. Kd2 {[%emt 0:00:21]} Ke5 {[%emt 0:00:11]} 30. Bd7 {[%emt 0:00:07]} Nd6 {[%emt 0:00:05]} 31. b3 {[%emt 0:00:54]} f5 {[%emt 0:00:20]} 32. Kd3 {[%emt 0:00:58]} b5 {[%emt 0:00:58]} 33. Bc6 {[%emt 0:01:04]} 1/2-1/2

[Event "World Prestigious University 2019"]
[Site "Tianjin"]
[Date "2019.11.27"]
[Round "5.4"]
[White "Theodorou, Nikolas"]
[Black "Grigory, Oparin"]
[Result "0-1"]
[WhiteElo "2555"]
[BlackElo "2660"]
[PlyCount "56"]
[EventDate "2019.11.26"]
[EventType "team-tourn"]
[EventCountry "CHN"]
[TimeControl "1500+10"]
[WhiteClock "0:06:34"]
[BlackClock "0:05:33"]

1. d4 {[%emt 0:00:00]} Nf6 {[%emt 0:00:00]} 2. c4 {[%emt 0:00:00]} e6 {[%emt 0:00:00]} 3. g3 {[%emt 0:00:00]} d5 {[%emt 0:00:00]} 4. Bg2 {[%emt 0:00:00]} Bb4+ {[%emt 0:00:05]} 5. Bd2 {[%emt 0:00:00]} Be7 {[%emt 0:00:03]} 6. Nf3 {[%emt 0:00:02]} O-O {[%emt 0:00:03]} 7. O-O {[%emt 0:00:03]} c6 {[%emt 0:00:01]} 8. Bc3 {[%emt 0:00:01]} b6 {[%emt 0:00:44]} 9. Nbd2 {[%emt 0:00:18]} Nbd7 {[%emt 0:01:23]} 10. b4 {[%emt 0:00:44]} c5 {[%emt 0:02:58]} 11. Ne5 {[%emt 0:01:02]} cxd4 {[%emt 0:03:08]} 12. Nc6 {[%emt 0:00:42]} Qe8 {[%emt 0:00:02]} 13. Bxd4 {[%emt 0:00:54]} Bb7 {[%emt 0:00:03]} 14. cxd5 {[%emt 0:01:11]} Nxd5 {[%emt 0:00:03]} 15. b5 {[%emt 0:00:03]} Nc5 {[%emt 0:03:11]} 16. e4 {[%emt 0:02:50]} Bxc6 {[%emt 0:02:08]} 17. bxc6 {[%emt 0:00:22]} Nb4 {[%emt 0:00:02]} 18. Qg4 {[%emt 0:02:20]} g6 {[%emt 0:00:23]} 19. Bxc5 {[%emt 0:02:06]} bxc5 {[%emt 0:01:04]} 20. e5 {[%emt 0:00:21]} Nxc6 {[%emt 0:00:24]} 21. Qf4 {[%emt 0:00:34]} Rd8 {[%emt 0:00:41]} 22. Rfe1 {[%emt 0:02:44]} Rd4 {[%emt 0:01:19]} 23. Qh6 {[%emt 0:00:02]} Qd7 {[%emt 0:01:51]} 24. Nf3 {[%emt 0:00:02]} Rd3 {[%emt 0:00:46]} 25. h4 {[%emt 0:00:06]} Nd4 {[%emt 0:00:24]} 26. Nh2 {[%emt 0:00:43]} Nc2 {[%emt 0:01:50]} 27. Ng4 {[%emt 0:01:38]} Qd4 {[%emt 0:00:02]} 28. Rec1 {[%emt 0:05:19]} Qxg4 {[%emt 0:00:28]} 0-1

[Event "World Prestigious University 2019"]
[Site "Tianjin"]
[Date "2019.11.27"]
[Round "5.5"]
[White "Dmitry, Gordievskiy"]
[Black "Chandra, Akshat"]
[Result "1-0"]
[WhiteElo "2590"]
[BlackElo "2524"]
[PlyCount "95"]
[EventDate "2019.11.26"]
[EventType "team-tourn"]
[EventCountry "CHN"]
[TimeControl "1500+10"]
[WhiteClock "0:00:24"]
[BlackClock "0:00:44"]

1. c4 {[%emt 0:00:00]} e5 {[%emt 0:00:00]} 2. Nc3 {[%emt 0:00:00]} Bb4 {[%emt 0:00:02]} 3. Nd5 {[%emt 0:00:00]} Bc5 {[%emt 0:00:16]} 4. e3 {[%emt 0:00:00]} Nf6 {[%emt 0:00:02]} 5. b4 {[%emt 0:00:00]} Be7 {[%emt 0:00:03]} 6. Nxe7 {[%emt 0:00:04]} Qxe7 {[%emt 0:00:02]} 7. Bb2 {[%emt 0:00:02]} O-O {[%emt 0:00:08]} 8. Nf3 {[%emt 0:00:02]} d6 {[%emt 0:00:42]} 9. d3 {[%emt 0:00:08]} a5 {[%emt 0:00:10]} 10. b5 {[%emt 0:00:44]} h6 {[%emt 0:02:54]} 11. Be2 {[%emt 0:00:13]} Bg4 {[%emt 0:00:04]} 12. h3 {[%emt 0:02:15]} Bh5 {[%emt 0:00:14]} 13. O-O {[%emt 0:02:55]} Nbd7 {[%emt 0:00:38]} 14. Nh4 {[%emt 0:00:55]} Bxe2 {[%emt 0:00:14]} 15. Qxe2 {[%emt 0:00:03]} c6 {[%emt 0:03:28]} 16. bxc6 {[%emt 0:03:30]} bxc6 {[%emt 0:00:02]} 17. Nf5 {[%emt 0:00:01]} Qe6 {[%emt 0:00:02]} 18. e4 {[%emt 0:00:01]} Kh7 {[%emt 0:09:13]} 19. f4 {[%emt 0:03:17]} Rfb8 {[%emt 0:01:23]} 20. Rae1 {[%emt 0:01:29]} c5 {[%emt 0:03:23]} 21. Bc3 {[%emt 0:00:39]} Rb7 {[%emt 0:01:37]} 22. Qf3 {[%emt 0:01:11]} Kh8 {[%emt 0:02:29]} 23. Qg3 {[%emt 0:07:30]} Ne8 {[%emt 0:00:06]} 24. Re2 {[%emt 0:00:46]} a4 {[%emt 0:00:08]} 25. Ref2 {[%emt 0:00:34]} f6 {[%emt 0:00:05]} 26. Ne3 {[%emt 0:00:46]} Rab8 {[%emt 0:00:29]} 27. Kh2 {[%emt 0:00:06]} Rb1 {[%emt 0:00:42]} 28. Nd5 {[%emt 0:00:10]} Rxf1 {[%emt 0:00:02]} 29. Rxf1 {[%emt 0:00:01]} Rb7 {[%emt 0:00:42]} 30. f5 {[%emt 0:00:54]} Qf7 {[%emt 0:00:06]} 31. Qf3 {[%emt 0:00:03]} Nb6 {[%emt 0:00:07]} 32. Ne3 {[%emt 0:00:06]} Nc8 {[%emt 0:00:14]} 33. Qd1 {[%emt 0:00:06]} Qd7 {[%emt 0:00:03]} 34. g4 {[%emt 0:00:03]} Na7 {[%emt 0:00:34]} 35. h4 {[%emt 0:00:02]} Nc6 {[%emt 0:00:01]} 36. Qxa4 {[%emt 0:00:49]} Ra7 {[%emt 0:00:12]} 37. Qc2 {[%emt 0:00:24]} Nd4 {[%emt 0:00:06]} 38. Qb2 {[%emt 0:00:50]} Rb7 {[%emt 0:00:22]} 39. Qd2 {[%emt 0:00:07]} Qa4 {[%emt 0:00:11]} 40. Kg3 {[%emt 0:00:38]} Qa3 {[%emt 0:00:02]} 41. Kg2 {[%emt 0:00:13]} Ra7 {[%emt 0:00:12]} 42. Rf2 {[%emt 0:00:04]} Rb7 {[%emt 0:00:04]} 43. Nd5 {[%emt 0:00:09]} Rb1 {[%emt 0:00:18]} 44. g5 {[%emt 0:00:01]} fxg5 {[%emt 0:00:14]} 45. hxg5 {[%emt 0:00:02]} Qc1 {[%emt 0:00:12]} 46. Qxc1 {[%emt 0:00:05]} Rxc1 {[%emt 0:00:02]} 47. Bxd4 {[%emt 0:00:07]} cxd4 {[%emt 0:00:06]} 48. f6 {[%emt 0:00:11]} 1-0

[Event "World Prestigious University 2019"]
[Site "Tianjin"]
[Date "2019.11.27"]
[Round "5.6"]
[White "Derakhshani, Dorsa"]
[Black "Wang, Nancy"]
[Result "1-0"]
[WhiteElo "2277"]
[BlackElo "1823"]
[PlyCount "115"]
[EventDate "2019.11.26"]
[EventType "team-tourn"]
[EventCountry "CHN"]
[TimeControl "1500+10"]
[WhiteClock "0:01:26"]
[BlackClock "0:01:34"]

1. e4 {[%emt 0:00:00]} c5 {[%emt 0:00:00]} 2. Nf3 {[%emt 0:00:00]} g6 {[%emt 0:00:16]} 3. d4 {[%emt 0:00:11]} cxd4 {[%emt 0:00:03]} 4. Nxd4 {[%emt 0:00:36]} Bg7 {[%emt 0:00:03]} 5. c4 {[%emt 0:00:09]} Nc6 {[%emt 0:00:06]} 6. Be3 {[%emt 0:00:03]} Nf6 {[%emt 0:00:02]} 7. Nc3 {[%emt 0:00:05]} O-O {[%emt 0:02:32]} 8. Be2 {[%emt 0:00:08]} d6 {[%emt 0:00:10]} 9. O-O {[%emt 0:00:08]} Bd7 {[%emt 0:00:20]} 10. Rb1 {[%emt 0:01:07]} Rc8 {[%emt 0:02:30]} 11. f3 {[%emt 0:02:25]} a6 {[%emt 0:04:57]} 12. Qd2 {[%emt 0:00:18]} Nxd4 {[%emt 0:00:56]} 13. Bxd4 {[%emt 0:00:08]} Be6 {[%emt 0:01:20]} 14. b3 {[%emt 0:00:41]} Nd7 {[%emt 0:01:22]} 15. Be3 {[%emt 0:01:44]} f5 {[%emt 0:04:05]} 16. exf5 {[%emt 0:03:44]} Bxf5 {[%emt 0:01:02]} 17. Rbc1 {[%emt 0:00:35]} Qa5 {[%emt 0:03:23]} 18. Qd5+ {[%emt 0:08:34]} Qxd5 {[%emt 0:00:04]} 19. Nxd5 {[%emt 0:00:03]} Rfe8 {[%emt 0:00:39]} 20. Bg5 {[%emt 0:00:37]} Bf6 {[%emt 0:01:15]} 21. Bxf6 {[%emt 0:01:06]} Nxf6 {[%emt 0:00:11]} 22. Nxf6+ {[%emt 0:00:08]} exf6 {[%emt 0:00:01]} 23. Kf2 {[%emt 0:00:02]} Kf7 {[%emt 0:01:30]} 24. Rfd1 {[%emt 0:00:17]} Rc6 {[%emt 0:00:08]} 25. Rd4 {[%emt 0:01:03]} Be6 {[%emt 0:00:48]} 26. Rcd1 {[%emt 0:01:01]} Ke7 {[%emt 0:00:02]} 27. f4 {[%emt 0:00:21]} f5 {[%emt 0:00:14]} 28. Bf3 {[%emt 0:00:23]} Rb6 {[%emt 0:00:09]} 29. R4d3 {[%emt 0:01:05]} Rc8 {[%emt 0:00:07]} 30. Re1 {[%emt 0:00:23]} Kf6 {[%emt 0:00:07]} 31. Rde3 {[%emt 0:00:25]} Bf7 {[%emt 0:01:34]} 32. Re7 {[%emt 0:00:16]} d5 {[%emt 0:00:13]} 33. Bxd5 {[%emt 0:01:25]} Bxd5 {[%emt 0:00:02]} 34. cxd5 {[%emt 0:00:01]} Rc2+ {[%emt 0:00:01]} 35. R7e2 {[%emt 0:00:18]} Rxe2+ {[%emt 0:00:03]} 36. Rxe2 {[%emt 0:00:02]} Rb4 {[%emt 0:00:12]} 37. Ke3 {[%emt 0:00:22]} Ke7 {[%emt 0:00:11]} 38. Rd2 {[%emt 0:00:40]} Kd6 {[%emt 0:00:04]} 39. Rd4 {[%emt 0:00:18]} Rb5 {[%emt 0:00:05]} 40. Kd3 {[%emt 0:00:02]} Rxd5 {[%emt 0:00:03]} 41. Kc4 {[%emt 0:00:17]} Rxd4+ {[%emt 0:00:04]} 42. Kxd4 {[%emt 0:00:00]} b6 {[%emt 0:00:10]} 43. b4 {[%emt 0:00:12]} h6 {[%emt 0:00:09]} 44. h4 {[%emt 0:00:06]} Ke6 {[%emt 0:00:26]} 45. a3 {[%emt 0:00:35]} Kd6 {[%emt 0:00:03]} 46. a4 {[%emt 0:00:01]} Ke6 {[%emt 0:00:02]} 47. a5 {[%emt 0:00:08]} bxa5 {[%emt 0:00:16]} 48. bxa5 {[%emt 0:00:02]} Kd6 {[%emt 0:00:01]} 49. g3 {[%emt 0:00:14]} Kc6 {[%emt 0:00:07]} 50. h5 {[%emt 0:00:10]} gxh5 {[%emt 0:00:12]} 51. Ke5 {[%emt 0:00:01]} Kb5 {[%emt 0:00:18]} 52. Kxf5 {[%emt 0:00:02]} Kxa5 {[%emt 0:00:01]} 53. Ke6 {[%emt 0:00:14]} Kb5 {[%emt 0:00:17]} 54. f5 {[%emt 0:00:02]} a5 {[%emt 0:00:02]} 55. f6 {[%emt 0:00:01]} a4 {[%emt 0:00:04]} 56. f7 {[%emt 0:00:01]} a3 {[%emt 0:00:01]} 57. f8=Q {[%emt 0:00:02]} a2 {[%emt 0:00:01]} 58. Qa8 {[%emt 0:00:04]} 1-0

[Event "World Prestigious University 2019"]
[Site "Tianjin"]
[Date "2019.11.27"]
[Round "5.7"]
[White "Isakov, Michael"]
[Black "Daniel, Karim Abbas"]
[Result "1/2-1/2"]
[WhiteElo "2162"]
[BlackElo "2251"]
[PlyCount "128"]
[EventDate "2019.11.26"]
[EventType "team-tourn"]
[EventCountry "CHN"]
[TimeControl "1500+10"]
[WhiteClock "0:01:13"]
[BlackClock "0:01:12"]

1. d4 {[%emt 0:00:00]} Nf6 {[%emt 0:00:00]} 2. Nf3 {[%emt 0:00:00]} e6 {[%emt 0:00:00]} 3. c4 {[%emt 0:00:00]} c5 {[%emt 0:00:00]} 4. d5 {[%emt 0:00:00]} exd5 {[%emt 0:00:00]} 5. cxd5 {[%emt 0:00:00]} d6 {[%emt 0:00:00]} 6. Nc3 {[%emt 0:00:00]} g6 {[%emt 0:00:00]} 7. e4 {[%emt 0:00:00]} Bg7 {[%emt 0:00:00]} 8. Bd3 {[%emt 0:00:03]} O-O {[%emt 0:00:00]} 9. h3 {[%emt 0:00:01]} a6 {[%emt 0:00:53]} 10. a4 {[%emt 0:00:01]} Nh5 {[%emt 0:00:01]} 11. O-O {[%emt 0:01:47]} Nd7 {[%emt 0:00:05]} 12. Bg5 {[%emt 0:01:31]} Bf6 {[%emt 0:00:04]} 13. Bh6 {[%emt 0:00:05]} Bg7 {[%emt 0:00:04]} 14. Bg5 {[%emt 0:00:15]} Bf6 {[%emt 0:00:01]} 15. Bh6 {[%emt 0:00:01]} Re8 {[%emt 0:00:01]} 16. Qd2 {[%emt 0:02:58]} Bg7 {[%emt 0:00:46]} 17. Rae1 {[%emt 0:00:46]} Rb8 {[%emt 0:02:24]} 18. g4 {[%emt 0:02:47]} Nhf6 {[%emt 0:07:32]} 19. Nh2 {[%emt 0:02:44]} b5 {[%emt 0:03:30]} 20. axb5 {[%emt 0:02:20]} axb5 {[%emt 0:00:02]} 21. Bxb5 {[%emt 0:00:18]} Rxb5 {[%emt 0:00:27]} 22. Bxg7 {[%emt 0:01:39]} Kxg7 {[%emt 0:00:18]} 23. Nxb5 {[%emt 0:00:17]} Nxe4 {[%emt 0:00:33]} 24. Qc2 {[%emt 0:04:40]} Ndf6 {[%emt 0:00:29]} 25. Nc3 {[%emt 0:00:01]} Ng5 {[%emt 0:02:08]} 26. Kg2 {[%emt 0:01:35]} Ba6 {[%emt 0:00:44]} 27. Rg1 {[%emt 0:00:01]} Bb7 {[%emt 0:00:52]} 28. Qd3 {[%emt 0:00:30]} Ne6 {[%emt 0:00:29]} 29. Qd2 {[%emt 0:00:59]} Nxd5 {[%emt 0:00:20]} 30. Nxd5 {[%emt 0:00:13]} Bxd5+ {[%emt 0:00:01]} 31. Kg3 {[%emt 0:00:02]} Bc6 {[%emt 0:02:07]} 32. Nf3 {[%emt 0:00:31]} Qb8 {[%emt 0:00:59]} 33. Qc3+ {[%emt 0:01:20]} Kg8 {[%emt 0:00:04]} 34. Qf6 {[%emt 0:00:01]} Qb7 {[%emt 0:02:19]} 35. Ng5 {[%emt 0:00:21]} Qb3+ {[%emt 0:00:01]} 36. Kh2 {[%emt 0:00:09]} Nxg5 {[%emt 0:00:33]} 37. Rxe8+ {[%emt 0:00:27]} Bxe8 {[%emt 0:00:04]} 38. Qxg5 {[%emt 0:00:01]} Qxb2 {[%emt 0:00:46]} 39. Kg3 {[%emt 0:00:42]} Qc3+ {[%emt 0:02:11]} 40. Qe3 {[%emt 0:00:26]} Qxe3+ {[%emt 0:00:01]} 41. fxe3 {[%emt 0:00:01]} c4 {[%emt 0:00:03]} 42. Kf4 {[%emt 0:00:37]} Ba4 {[%emt 0:00:24]} 43. Ke4 {[%emt 0:00:22]} Kf8 {[%emt 0:00:20]} 44. Kd4 {[%emt 0:00:23]} Bb3 {[%emt 0:00:02]} 45. Ra1 {[%emt 0:00:31]} Ke7 {[%emt 0:00:03]} 46. g5 {[%emt 0:00:02]} Ke6 {[%emt 0:00:08]} 47. e4 {[%emt 0:00:04]} f5 {[%emt 0:00:27]} 48. Ra7 {[%emt 0:00:36]} fxe4 {[%emt 0:00:02]} 49. Kxe4 {[%emt 0:00:11]} c3 {[%emt 0:00:21]} 50. Rxh7 {[%emt 0:00:36]} c2 {[%emt 0:00:06]} 51. Rc7 {[%emt 0:00:03]} d5+ {[%emt 0:00:05]} 52. Kd3 {[%emt 0:00:01]} Kf5 {[%emt 0:00:06]} 53. Kd2 {[%emt 0:00:20]} Kxg5 {[%emt 0:00:20]} 54. Rc3 {[%emt 0:00:04]} Bc4 {[%emt 0:00:17]} 55. Kxc2 {[%emt 0:00:09]} Kh4 {[%emt 0:00:01]} 56. Kd2 {[%emt 0:00:11]} g5 {[%emt 0:00:16]} 57. Rf3 {[%emt 0:00:12]} g4 {[%emt 0:00:09]} 58. hxg4 {[%emt 0:00:03]} Kxg4 {[%emt 0:00:01]} 59. Rf8 {[%emt 0:00:02]} Kg5 {[%emt 0:00:09]} 60. Ke3 {[%emt 0:00:01]} Bb3 {[%emt 0:00:07]} 61. Kd4 {[%emt 0:00:02]} Bc4 {[%emt 0:00:03]} 62. Ke5 {[%emt 0:00:01]} Kg4 {[%emt 0:00:01]} 63. Kd4 {[%emt 0:00:22]} Kg5 {[%emt 0:00:04]} 64. Ke3 {[%emt 0:00:02]} Bb3 {[%emt 0:00:03]} 1/2-1/2

[Event "World Prestigious University 2019"]
[Site "Tianjin"]
[Date "2019.11.27"]
[Round "5.8"]
[White "Mihov, Filip"]
[Black "Lu, Andrew H"]
[Result "1/2-1/2"]
[WhiteElo "2191"]
[BlackElo "2071"]
[PlyCount "84"]
[EventDate "2019.11.26"]
[EventType "team-tourn"]
[EventCountry "CHN"]
[TimeControl "1500+10"]
[WhiteClock "0:00:11"]
[BlackClock "0:01:23"]

1. d4 {[%emt 0:00:00]} Nf6 {[%emt 0:00:00]} 2. c4 {[%emt 0:00:00]} e6 {[%emt 0:00:00]} 3. Nc3 {[%emt 0:00:03]} Bb4 {[%emt 0:00:00]} 4. e3 {[%emt 0:00:02]} O-O {[%emt 0:00:00]} 5. Bd3 {[%emt 0:00:02]} c5 {[%emt 0:00:13]} 6. a3 {[%emt 0:00:05]} Bxc3+ {[%emt 0:00:02]} 7. bxc3 {[%emt 0:00:02]} Nc6 {[%emt 0:00:19]} 8. Ne2 {[%emt 0:00:15]} b6 {[%emt 0:00:20]} 9. e4 {[%emt 0:00:19]} Ne8 {[%emt 0:00:44]} 10. O-O {[%emt 0:00:33]} Ba6 {[%emt 0:01:10]} 11. Be3 {[%emt 0:04:44]} d6 {[%emt 0:01:20]} 12. Ng3 {[%emt 0:00:07]} Na5 {[%emt 0:00:38]} 13. Qe2 {[%emt 0:00:46]} Qd7 {[%emt 0:03:02]} 14. a4 {[%emt 0:00:16]} Rc8 {[%emt 0:00:34]} 15. d5 {[%emt 0:00:02]} e5 {[%emt 0:03:50]} 16. f4 {[%emt 0:00:05]} f6 {[%emt 0:02:01]} 17. Rf3 {[%emt 0:01:26]} Rf7 {[%emt 0:02:58]} 18. Nf5 {[%emt 0:00:45]} Kf8 {[%emt 0:00:09]} 19. Rh3 {[%emt 0:01:59]} g6 {[%emt 0:01:03]} 20. Nh6 {[%emt 0:04:20]} Rg7 {[%emt 0:00:26]} 21. fxe5 {[%emt 0:00:10]} dxe5 {[%emt 0:00:02]} 22. Rf1 {[%emt 0:00:22]} Ke7 {[%emt 0:00:22]} 23. Rhf3 {[%emt 0:00:44]} Kd8 {[%emt 0:02:35]} 24. Bg5 {[%emt 0:05:21]} fxg5 {[%emt 0:01:07]} 25. Rf7 {[%emt 0:00:01]} Rxf7 {[%emt 0:01:40]} 26. Rxf7 {[%emt 0:00:02]} Qxa4 {[%emt 0:00:49]} 27. Qg4 {[%emt 0:02:34]} Rc7 {[%emt 0:00:59]} 28. Qxg5+ {[%emt 0:01:32]} Kc8 {[%emt 0:00:02]} 29. Rf8 {[%emt 0:01:14]} Bxc4 {[%emt 0:02:11]} 30. Bxc4 {[%emt 0:01:50]} Nxc4 {[%emt 0:00:08]} 31. h3 {[%emt 0:00:06]} Kb7 {[%emt 0:01:12]} 32. Qd8 {[%emt 0:00:16]} Ncd6 {[%emt 0:00:04]} 33. Qh4 {[%emt 0:00:16]} Qa1+ {[%emt 0:00:05]} 34. Kh2 Qxc3 {[%emt 0:00:04]} 35. Ng4 {[%emt 0:00:02]} a5 {[%emt 0:00:08]} 36. Nf6 {[%emt 0:00:06]} Nxf6 {[%emt 0:00:14]} 37. Qxf6 {[%emt 0:00:03]} Nxe4 {[%emt 0:00:25]} 38. Qd8 {[%emt 0:00:03]} Qg3+ {[%emt 0:00:05]} 39. Kg1 {[%emt 0:00:02]} Qe1+ {[%emt 0:00:07]} 40. Kh2 Qg3+ {[%emt 0:00:00]} 41. Kg1 {[%emt 0:00:01]} Qe1+ {[%emt 0:00:31]} 42. Kh2 {[%emt 0:00:01]} Qg3+ {[%emt 0:00:08]} 1/2-1/2